Utilização dos calculadores em Meteorologia | Novos horizontes na investigação das ciências da atmosfera (Record no. 1901)

000 -Cabeçalho
Cabeçalho 006460000a22001930004500
001 - Identificador do registo
Identificador do registo 1901
090 ## - Número de controle KOHA
Número biblioitem KOHA 1901
100 ## - Dados gerais de processamento
Dados gerais de processamento 1970 d1970 m||y0pory5003 ba
102 ## - País de publicação ou produção
País de publicação Portugal
200 ## - Título e menção de responsabilidade
Título próprio Utilização dos calculadores em Meteorologia
Informação de outro título Novos horizontes na investigação das ciências da atmosfera
Primeira menção de responsabilidade José Pinto Peixoto
210 ## - Publicação, distribuição, etc.
Lugar da edição, distribuição, etc. Lisboa
Nome do editor, distribuidor, etc. SMN
Data da publicação, distribuição, etc. 1970
215 ## - Descrição física
Tipo do material e extensão do item 16 p.
Dimensões 20 cm
225 2# - Coleção
Título próprio da coleção Memórias do Serviço Meteorológico Nacional
Indicação de volume 214
317 ## - Nota de proveniência
Texto da nota Origem: INMG
500 11 - Título uniforme
Título uniforme Memórias do Serviço Meteorológico Nacional
Número da parte ou secção 214
606 ## - Nome comum usado como assunto
Palavra de ordem INFORMATICA
Subdivisão cronológica INMG
Palavra de ordem METEOROLOGIA
Subdivisão cronológica INMG
675 ## - Classificação Decimal Universal (CDU)
Notação 681.3
Edição med
Língua da edição Francês
700 #1 - Nome de pessoa - responsabilidade principal
Palavra de ordem Peixoto
Outra parte do nome não tomada para palavra de ordem José Pinto
Holdings
Data de aquisição Número de registo Biblioteca de aquisição Biblioteca de empréstimo Cota Fim da data de empréstimo Permissão de empréstimo Tipo de documento
2019-04-16 Reg. 1667 Biblioteca da Sede Biblioteca da Sede Estante Peixoto 2019-04-16    

Powered by Koha